000 00708nam a2200253Ia 4500
001 43385
005 20240114003545.0
007 ta
008 080929s1952 g b000 u 465 u
040 _aCotton College,Assam
041 _a465
082 _a540
_bP 236 Sy
100 _aParks , Lytle Raymond .
245 0 _aSystematic College Chemistry /
_cLytle Raymond Parks & Warren H. Steinbach.
_hTextual Documents
250 _aIst ed /
260 _aNew York :
_bMcGraw- Hill Book Company Inc ,
_c1952.
300 _a692p ;
_c22cm.
653 _aChemistry
653 _aT/G- Chemistry
700 _aSteinbach, Warren H. .
942 _2ddc
_cBK
999 _c43351
_d43351